[Event "Toronto-ch Seniors"]
[Site "Toronto"]
[Date "2010.11.30"]
[Round "6"]
[White "Kormendi, Fred"]
[Black "Stein, Mickey"]
[Result "0-1"]
[WhiteElo "1537"]
[BlackElo "1993"]
[PlyCount "106"]
[EventDate "2010.10.26"]
[EventType "tourn"]
[EventRounds "7"]
[EventCountry "CAN"]
[SourceTitle "EXT 2022"]
[Source "ChessBase"]
[SourceDate "2021.10.06"]
[SourceVersion "1"]
[SourceVersionDate "2021.10.06"]
[SourceQuality "1"]

1. d4 Nf6 2. c4 c5 3. d5 b5 4. b3 g6 5. Bb2 Bg7 6. Nd2 0-0 7. Ngf3 bxc4 8. bxc4 d6 9. h3 Nbd7 10. e3 Rb8 11. Rb1 Nb6 12. Bd3 e6 13. dxe6 fxe6 14. 0-0 Bd7 15. Qc2 Qe7 16. e4 e5 17. Kh1 Nh5 18. Nh2 Nf4 19. Ndf3 Be6 20. Nd2 Qd7 21. Ndf3 Nxd3 22. Qxd3 Bxc4 23. Qc2 Bxf1 24. Nxf1 h6 25. Rd1 Qe6 26. Bc1 g5 27. Ne3 Rf7 28. Nf5 Rd7 29. Qb1 Bf8 30. g4 Rdb7 31. Qc2 Nc8 32. h4 gxh4 33. N3xh4 Rb4 34. g5 Qc4 35. Qxc4+ Rxc4 36. gxh6 Ne7 37. Nxd6 Rc2 38. Rg1+ Kh7 39. Nhf5 Nxf5 40. Nxf5 Rb1 41. Be3 Rxg1+ 42. Kxg1 Rxa2 43. Nh4 c4 44. Nf3 Ra5 45. Kf1 Bxh6 46. Bxh6 Kxh6 47. Ke2 Kg6 48. Nd2 Rc5 49. Kd1 Kg5 50. Kc2 c3 51. Nb1 Kf4 52. Nxc3 Rxc3+ 53. Kxc3 Kxe4 0-1

[Event "Toronto-ch Seniors"]
[Site "Toronto"]
[Date "2010.11.09"]
[Round "3"]
[White "Bellomo, Joe"]
[Black "Stein, Mickey"]
[Result "0-1"]
[WhiteElo "1700"]
[BlackElo "1993"]
[PlyCount "74"]
[EventDate "2010.10.26"]
[EventType "tourn"]
[EventRounds "7"]
[EventCountry "CAN"]
[SourceTitle "EXT 2022"]
[Source "ChessBase"]
[SourceDate "2021.10.06"]
[SourceVersion "1"]
[SourceVersionDate "2021.10.06"]
[SourceQuality "1"]

1. e4 c5 2. Nf3 d6 3. d4 cxd4 4. Nxd4 Nf6 5. Nc3 a6 6. Bg5 Nbd7 7. Qd2 Qc7 8. 0-0-0 e6 9. f4 Be7 10. Be2 b5 11. Bf3 Bb7 12. Rhe1 0-0 13. Bxf6 Nxf6 14. g4 Nd7 15. g5 Nc5 16. h4 b4 17. Nb1 a5 18. Nb5 Qc6 19. Nxd6 Rfd8 20. Qe3 Rxd6 21. Nd2 Nd3+ 22. Kb1 Nxe1 23. Rxe1 Rad8 24. Nb3 Qc7 25. e5 R6d7 26. Be2 a4 27. Nc1 Bc5 28. Qg3 Qb6 29. h5 Bf2 30. Qg4 Bxe1 31. g6 fxg6 32. hxg6 h6 33. f5 exf5 34. Qxf5 Re7 35. Bc4+ Bd5 36. Bd3 Qe6 37. Qf4 Qxe5 0-1

[Event "Scarborough CC LH Summer op"]
[Site "Toronto"]
[Date "2010.05.27"]
[Round "4"]
[White "Hahnewald, Uwe"]
[Black "Stein, Mickey"]
[Result "0-1"]
[WhiteElo "1871"]
[BlackElo "1978"]
[PlyCount "50"]
[EventDate "2010.04.29"]
[EventType "swiss"]
[EventRounds "8"]
[EventCountry "CAN"]
[SourceTitle "EXT 2022"]
[Source "ChessBase"]
[SourceDate "2021.10.06"]
[SourceVersion "1"]
[SourceVersionDate "2021.10.06"]
[SourceQuality "1"]

1. Nf3 d5 2. g3 Bg4 3. Bg2 Nd7 4. d4 c6 5. 0-0 Ngf6 6. c4 e6 7. Qc2 Be7 8. b3 0-0 9. Nbd2 Bf5 10. Qd1 Ne4 11. Bb2 Nxd2 12. Nxd2 Bf6 13. e4 dxe4 14. Nxe4 Be7 15. Re1 Nf6 16. Nc3 Qc7 17. Qe2 Rfe8 18. Rad1 Bg4 19. f3 Bf5 20. Qe3 Bg6 21. Kh1 Rad8 22. Re2 a6 23. Na4 Qb8 24. Nb6 Bd6 25. f4 Bc7 0-1

[Event "Scarborough CC-ch Reserves op"]
[Site "Toronto"]
[Date "2010.03.18"]
[Round "4"]
[White "Stein, Mickey"]
[Black "Stewart, Frankie"]
[Result "0-1"]
[WhiteElo "2038"]
[BlackElo "1766"]
[PlyCount "82"]
[EventDate "2010.02.25"]
[EventType "swiss"]
[EventRounds "9"]
[EventCountry "CAN"]
[SourceTitle "EXT 2022"]
[Source "ChessBase"]
[SourceDate "2021.10.06"]
[SourceVersion "1"]
[SourceVersionDate "2021.10.06"]
[SourceQuality "1"]

1. e4 e5 2. Nf3 Nc6 3. Bb5 Bc5 4. 0-0 d6 5. d4 exd4 6. Nxd4 Bd7 7. Be3 Nf6 8. Nxc6 bxc6 9. Bxc5 cxb5 10. Bd4 0-0 11. Qf3 Re8 12. Re1 Bc6 13. Nc3 Re6 14. Nd5 Nxe4 15. Qg4 Qf8 16. Nxc7 Rg6 17. Qf4 Ng5 18. Re3 Bxg2 19. Nxa8 Nh3+ 20. Rxh3 Bxh3+ 21. Kh1 Qxa8+ 22. f3 Bg2+ 23. Kg1 Bxf3+ 24. Kf2 Rg2+ 25. Kf1 Be2+ 26. Ke1 Qe8 27. Qe3 Qxe3 28. Bxe3 a6 29. Bf2 Bf3 30. c4 bxc4 31. b3 Rxh2 32. Bg1 Re2+ 33. Kf1 c3 34. b4 c2 35. Rc1 Rd2 36. Be3 Rd1+ 37. Kf2 Rxc1 38. Bxc1 Bc6 39. Ke3 Kf8 40. Kd3 Ba4 41. Kd4 Ke7 0-1

[Event "Scarborough CC-ch Reserves op"]
[Site "Toronto"]
[Date "2010.03.11"]
[Round "3"]
[White "Bellomo, Joe"]
[Black "Stein, Mickey"]
[Result "1/2-1/2"]
[WhiteElo "1778"]
[BlackElo "2038"]
[PlyCount "120"]
[EventDate "2010.02.25"]
[EventType "swiss"]
[EventRounds "9"]
[EventCountry "CAN"]
[SourceTitle "EXT 2022"]
[Source "ChessBase"]
[SourceDate "2021.10.06"]
[SourceVersion "1"]
[SourceVersionDate "2021.10.06"]
[SourceQuality "1"]

1. e4 c5 2. Nf3 Nc6 3. d4 cxd4 4. Nxd4 Nf6 5. Nc3 e5 6. Ndb5 d6 7. Bg5 a6 8. Na3 b5 9. Nd5 Be7 10. Nxe7 Nxe7 11. Qe2 Be6 12. g3 Qc7 13. Bg2 Rc8 14. c3 0-0 15. Bxf6 gxf6 16. 0-0 f5 17. exf5 Nxf5 18. Be4 Ng7 19. Nc2 f5 20. Bg2 Bc4 21. Qd2 Bxf1 22. Rxf1 f4 23. Nb4 Qd7 24. Nd5 Rce8 25. gxf4 exf4 26. Nxf4 Qg4 27. Qd5+ Kh8 28. Nd3 Rf6 29. h3 Qh4 30. Kh2 Nh5 31. Qc6 Rg8 32. Rg1 Nf4 33. Nxf4 Qxf4+ 34. Kh1 Rfg6 35. Qb6 Qd2 36. Kh2 Rf6 37. Rf1 Rgf8 38. Kg1 Qxb2 39. Qd4 Qe2 40. f4 Qh5 41. Rf2 Qc5 42. Rd2 Qxd4+ 43. Rxd4 a5 44. Bc6 Rb8 45. Kg2 b4 46. cxb4 Rxb4 47. Rxb4 axb4 48. Kf3 Kg7 49. Bd5 Kf8 50. Ke4 Ke7 51. Kf3 Rf8 52. Kg4 Kf6 53. h4 Rc8 54. h5 Rc5 55. Bb3 d5 56. Kf3 Rc3+ 57. Kg4 h6 58. Bxd5 Rc1 59. Bb3 Rg1+ 60. Kf3 Rc1 1/2-1/2

[Event "Toronto-ch Reserves"]
[Site "Toronto"]
[Date "2010.03.02"]
[Round "6"]
[White "Stein, Mickey"]
[Black "Armstrong, Robert J"]
[Result "1/2-1/2"]
[WhiteElo "2038"]
[BlackElo "1746"]
[PlyCount "131"]
[EventDate "2010.01.26"]
[EventType "tourn"]
[EventRounds "7"]
[EventCountry "CAN"]
[SourceTitle "EXT 2011"]
[Source "ChessBase"]
[SourceDate "2010.11.26"]
[SourceVersion "1"]
[SourceVersionDate "2010.11.26"]
[SourceQuality "1"]

1. e4 g6 2. d4 Bg7 3. Nc3 d6 4. Be3 Nf6 5. Qd2 Ng4 6. Bg5 h6 7. Bh4 0-0 8. h3 Nf6 9. 0-0-0 c6 10. f4 b5 11. Bd3 b4 12. Nce2 Ba6 13. Bxf6 exf6 14. Qxb4 Bxd3 15. cxd3 Na6 16. Qa3 Qb6 17. Nf3 Rab8 18. Nd2 d5 19. Nb3 c5 20. dxc5 Rfc8 21. d4 dxe4 22. Nc3 Qb7 23. Nxe4 Qxe4 24. Qxa6 Qxf4+ 25. Kb1 Qe4+ 26. Qd3 Qxg2 27. Rhe1 f5 28. Re2 Qd5 29. Rc2 Rb4 30. a3 Rxb3 31. Qc4 Qxc4 32. Rxc4 Bf8 33. Rb4 Rxh3 34. Rb7 a5 35. Ra7 a4 36. Rxa4 Bxc5 37. dxc5 Rxc5 38. Ra8+ Kg7 39. Rd7 f4 40. Rd2 f3 41. b4 Rh1+ 42. Kb2 Re5 43. a4 Rhe1 44. Rc8 R5e2 45. Rcc2 f2 46. Rxe2 Rxe2 47. Rxe2 f1Q 48. Rc2 h5 49. b5 h4 50. Kb3 h3 51. b6 Qb1+ 52. Rb2 Qd3+ 53. Ka2 Qc4+ 54. Ka3 Qc5+ 55. Ka2 Qd5+ 56. Ka3 Qd6+ 57. Ka2 h2 58. b7 Qb8 59. Rb1 h1Q 60. Rxh1 Qxb7 61. Rb1 Qd5+ 62. Rb3 Qa5 63. Ka3 g5 64. Rb5 Qc3+ 65. Ka2 g4 66. Rb4 1/2-1/2

[Event "Toronto-ch Reserves"]
[Site "Toronto"]
[Date "2010.02.23"]
[Round "5"]
[White "Plotkin, Mark"]
[Black "Stein, Mickey"]
[Result "0-1"]
[WhiteElo "1770"]
[BlackElo "2038"]
[PlyCount "112"]
[EventDate "2010.01.26"]
[EventType "tourn"]
[EventRounds "7"]
[EventCountry "CAN"]
[SourceTitle "EXT 2022"]
[Source "ChessBase"]
[SourceDate "2021.10.06"]
[SourceVersion "1"]
[SourceVersionDate "2021.10.06"]
[SourceQuality "1"]

1. d4 Nf6 2. c4 g6 3. Nf3 Bg7 4. g3 0-0 5. Bg2 d6 6. 0-0 Nbd7 7. Nc3 e5 8. Re1 Re8 9. e4 a6 10. a3 exd4 11. Nxd4 Ne5 12. b3 Rb8 13. h3 Bd7 14. Bb2 h6 15. f4 Nc6 16. Nd5 Nh7 17. Nxc6 bxc6 18. Bxg7 Kxg7 19. Nc3 Kg8 20. Ra2 Nf8 21. Rd2 f6 22. Re3 Qe7 23. Red3 Be6 24. g4 Nd7 25. Ne2 c5 26. Nc3 Kh7 27. Nd5 Bxd5 28. exd5 Qe1+ 29. Kh2 Qxd1 30. Rxd1 Re2 31. a4 Kg7 32. Kg3 g5 33. Bf3 gxf4+ 34. Kxf4 Rb2 35. Re3 Ne5 36. Rc1 R2xb3 37. Rcc3 Rxc3 38. Rxc3 Rb4 39. Be2 a5 40. Kf5 Rxa4 41. Rb3 Rb4 42. Ra3 a4 43. Bd1 Nxc4 44. Rg3 a3 45. g5 hxg5 46. h4 a2 47. hxg5 fxg5 48. Rxg5+ Kf8 49. Ke6 a1Q 50. Rf5+ Kg7 51. Rg5+ Kh6 52. Rh5+ Kg6 53. Rh1 Qf6+ 54. Kd7 Ne5+ 55. Kc8 Qf8+ 56. Kxc7 Qb8# 0-1

[Event "Toronto-ch Reserves"]
[Site "Toronto"]
[Date "2010.02.16"]
[Round "4"]
[White "Stein, Mickey"]
[Black "Bellomo, Joe"]
[Result "1/2-1/2"]
[WhiteElo "2038"]
[BlackElo "2778"]
[PlyCount "119"]
[EventDate "2010.01.26"]
[EventType "tourn"]
[EventRounds "7"]
[EventCountry "CAN"]
[SourceTitle "EXT 2022"]
[Source "ChessBase"]
[SourceDate "2021.10.06"]
[SourceVersion "1"]
[SourceVersionDate "2021.10.06"]
[SourceQuality "1"]

1. e4 c5 2. Nf3 d6 3. d4 cxd4 4. Nxd4 Nf6 5. Nc3 a6 6. Be3 Qc7 7. f3 b5 8. Qd2 e5 9. Nb3 Be6 10. g4 Nbd7 11. g5 Nh5 12. Nd5 Bxd5 13. Qxd5 Rc8 14. Bh3 Be7 15. Bg4 g6 16. Bxh5 gxh5 17. h4 Nb6 18. Bxb6 Qxb6 19. Qd2 0-0 20. 0-0-0 Rc4 21. Kb1 Rfc8 22. Rc1 b4 23. Qe2 a5 24. Rhd1 a4 25. Nd2 Rd4 26. Nf1 Rxd1 27. Rxd1 b3 28. cxb3 axb3 29. axb3 Qxb3 30. Qd3 Qa4 31. Ne3 Ra8 32. Nd5 Qa2+ 33. Kc2 Rc8+ 34. Nc3 Qa7 35. Kb1 Ra8 36. Qd5 Rb8 37. Qa2 Qf2 38. Nd5 Bd8 39. Qa3 Kh8 40. Rc1 Qd4 41. Qc3 Qf2 42. f4 Qxh4 43. fxe5 Qxe4+ 44. Rc2 Qxd5 45. e6+ Kg8 46. exf7+ Qxf7 47. Qe3 Qg7 48. Qe6+ Kh8 49. Qxd6 Ra8 50. Qd5 Qa7 51. Qe5+ Kg8 52. Qd5+ Kg7 53. Qe5+ Kg8 54. Qd5+ Kf8 55. Qf3+ Ke8 56. Re2+ Be7 57. Qxh5+ Kf8 58. Qf3+ Ke8 59. Qc6+ Kf7 60. Qf3+ 1/2-1/2

[Event "Toronto-ch Seniors"]
[Site "Toronto"]
[Date "2009.11.10"]
[Round "5"]
[White "Pussar, Antonio"]
[Black "Stein, Mickey"]
[Result "0-1"]
[WhiteElo "1235"]
[BlackElo "2042"]
[PlyCount "88"]
[EventDate "2009.10.13"]
[EventType "tourn"]
[EventRounds "7"]
[EventCountry "CAN"]
[SourceTitle "EXT 2011"]
[Source "ChessBase"]
[SourceDate "2010.11.26"]
[SourceVersion "1"]
[SourceVersionDate "2010.11.26"]
[SourceQuality "1"]

1. e4 c6 2. d4 d5 3. e5 c5 4. c3 e6 5. Bb5+ Nc6 6. Nf3 Bd7 7. Ng5 Be7 8. Bxc6 bxc6 9. h4 Nh6 10. Qf3 cxd4 11. a3 dxc3 12. Nxc3 c5 13. b3 Rb8 14. Rb1 a5 15. 0-0 0-0 16. g3 a4 17. Qh5 Rxb3 18. Bd2 c4 19. Nh3 Nf5 20. Ng5 Bxg5 21. Bxg5 f6 22. exf6 gxf6 23. Bh6 Nxh6 24. Qxh6 Qe8 25. Ne2 Qg6 26. Qxg6+ hxg6 27. Nf4 Rfb8 28. Rbe1 Kf7 29. g4 c3 30. Rc1 d4 31. Rfe1 e5 32. Nd3 Bxg4 33. Nc5 Rxa3 34. Kg2 Rc8 35. Nd3 Bf5 36. Nb4 d3 37. Re3 d2 38. Rd1 Rb3 39. Nd3 Bxd3 40. Rxd3 c2 41. Rd7+ Ke6 42. R1xd2 c1Q 43. R2d6+ Kf5 44. Rf7 Qc6+ 0-1

[Event "Toronto-B1"]
[Site "Toronto"]
[Date "2008.03.11"]
[Round "4"]
[White "Stein, Mickey"]
[Black "Armstrong, Robert J"]
[Result "1-0"]
[WhiteElo "2009"]
[BlackElo "1796"]
[PlyCount "51"]
[EventDate "2008.01.22"]
[EventType "tourn"]
[EventRounds "7"]
[EventCountry "CAN"]
[SourceTitle "EXT 2011"]
[Source "ChessBase"]
[SourceDate "2010.11.26"]
[SourceVersion "1"]
[SourceVersionDate "2010.11.26"]
[SourceQuality "1"]

1. e4 g6 2. d4 Bg7 3. Nc3 d6 4. Bg5 Nf6 5. Qd2 0-0 6. 0-0-0 c6 7. f3 b5 8. Bh6 Qa5 9. Bxg7 Kxg7 10. Kb1 Be6 11. b3 Nbd7 12. g4 Nb6 13. Nh3 Rab8 14. Ka1 Rb7 15. Nf4 Rfb8 16. g5 Ne8 17. Nxe6+ fxe6 18. h4 Nc7 19. Nb1 b4 20. h5 Nb5 21. Bxb5 Qxb5 22. hxg6 hxg6 23. Qh2 Rg8 24. Qf4 Na4 25. Rh7+ Kxh7 26. Qf7+ 1-0

[Event "Scarborough CC Fall Swiss"]
[Site "Toronto"]
[Date "2007.12.20"]
[Round "8.2"]
[White "Stein, Mickey"]
[Black "Zeromskis, Egidijus"]
[Result "1-0"]
[WhiteElo "1961"]
[BlackElo "2100"]
[PlyCount "115"]
[EventDate "2007.11.01"]
[EventType "swiss"]
[EventRounds "7"]
[EventCountry "CAN"]
[SourceTitle "EXT 2022"]
[Source "ChessBase"]
[SourceDate "2021.10.06"]
[SourceVersion "1"]
[SourceVersionDate "2021.10.06"]
[SourceQuality "1"]

1. e4 Nf6 2. e5 Nd5 3. c4 Nb6 4. d4 d6 5. exd6 cxd6 6. Nc3 g6 7. Bd3 Bg7 8. Be3 Nc6 9. Rc1 0-0 10. Nge2 Nb4 11. b3 Nxd3+ 12. Qxd3 Bf5 13. Qd2 a5 14. a4 Rc8 15. Bh6 e5 16. Bxg7 Kxg7 17. 0-0 f6 18. Ng3 Be6 19. f4 exd4 20. Qxd4 d5 21. c5 Nd7 22. Nb5 Nb8 23. f5 Nc6 24. Qe3 Bf7 25. fxg6 hxg6 26. Nd6 Ne7 27. Nxc8 Nxc8 28. Qd4 Na7 29. Qg4 Rh8 30. Nf5+ Kf8 31. Nd6 f5 32. Qg3 Qd7 33. Qe5 Rh4 34. Qf6 Qe7 35. Qxe7+ Kxe7 36. Rfe1+ Kf8 37. Nxb7 d4 38. Nxa5 Bd5 39. c6 Rg4 40. g3 d3 41. Red1 Rd4 42. Rd2 Be4 43. c7 Nc8 44. Rc4 Rd6 45. b4 Ra6 46. Rd4 Rd6 47. Rxd6 Nxd6 48. b5 Ke7 49. b6 Kd7 50. Kf2 g5 51. Ke3 Kc8 52. Kd4 Ne8 53. Nc4 Kb7 54. a5 Kc8 55. Kc5 f4 56. Nd6+ Nxd6 57. Kxd6 f3 58. a6 1-0